00257nam a2200097Ia 4500008004100000100001700041245004600058260004000104300000700144650000800151191201s2004 xx 000 0 und d aASSEY Garard 0aBite Sized Bits on Common Sens Management aN.DelhibS Chand and Co. Ltd.c2004 a99 aMBA